000 00545nam a2200217Ia 4500
008 101110s9999 xx 000 0 und d
041 _aENGLISH
082 _bSR34756
100 _aKumar Jain Preeti V.
245 _aAn introduction to drugs TYBSC
260 _c2010
_bSheth Publishers, Mumbai
300 _a128
365 _b75
520 _aChemistry
546 _aENGLISH
630 _aAn introduction to drugs TYBSC
650 _aChemistry
655 _aChemistry
730 _aAn introduction to drugs TYBSC
942 _cBOOK
999 _c827257
_d827254